| 000 | 00411nam a2200181Ia 4500 | ||
|---|---|---|---|
| 008 | 090630s9999 xx 000 0 und d | ||
| 082 | _b16153 | ||
| 100 | _aHarold Robins. | ||
| 245 |
_aThe Pirate. _cHarold Robins. |
||
| 260 | _b--- | ||
| 300 | _a408 | ||
| 600 | _aHarold Robins. | ||
| 630 | _aThe Pirate. | ||
| 655 | _aEnglish. | ||
| 700 | _aHarold Robins. | ||
| 730 | _aThe Pirate. | ||
| 942 | _cBOOK | ||
| 999 |
_c268009 _d268009 |
||